L'Indre-et-Loire en image - Statistiques

Statistiques générales
  • Ce quiz a été pris 150 fois
  • Le résultat moyen est 8 sur 18
Statistiques - réponses
Par images Hint Réponse % Correct
Ville Tours
98%
Spécialité culinaire Rillette de Tours
84%
Château Chenonceau
81%
Gare Saint-Pierre-des-Corps
72%
Ancienne province Touraine
65%
Place Place Plumereau
63%
Ville Chinon
57%
Fromage AOP Sainte-Maure-de-Touraine
57%
Ville Loches
48%
Pont Pont Wilson
47%
Ancien roi Louis XI
34%
Cours d'eau Vienne
33%
Homme d'Etat mort dans le département Michel Debré
24%
Monument Tour Charlemagne
20%
L'un des Plus Beau Village de France en 2016 Candes-Saint-Martin
10%
Comte d'Anjou, Bâtisseur de nombreux châteaux dans le département Foulques III
6%
Spectacle sur l'histoire de la province qui se déroule chaque été Scénoféerie de Semblançay
6%
Surintendant des Finances Jacques de Beaune
3%
Aucun quiz correspondant
Distribution des résultats
% des personnes avec chaque résultat
Percentile par nombre de réponses
Votre historique - résultats
Vous n’avez pas pris ce quiz